Derecho concursal: el convenio de acreedores
Saved in:
| 主要作者: | |
|---|---|
| 格式: | 圖書 |
| 語言: | 西班牙语 |
| 出版: |
Santiago
Jurídica de Chile
2006
|
| 版: | 3a. ed |
| 主題: | |
| 標簽: |
添加標簽
沒有標簽, 成為第一個標記此記錄!
|
MARC
| LEADER | 00000nam a2200000 a 4500 | ||
|---|---|---|---|
| 001 | UCI2737 | ||
| 003 | CL-VaPUC | ||
| 008 | 070907e20060000CL |||||||||||||||||spa|d | ||
| 020 | |a 9561017296 | ||
| 082 | 0 | 4 | |a 346.83078 |b PUG |2 21 |
| 100 | 0 | |a Puga Vial, Juan Esteban |e author |9 523911 | |
| 245 | 1 | 0 | |a Derecho concursal: el convenio de acreedores |
| 250 | |a 3a. ed | ||
| 300 | |a 485 p | ||
| 942 | |c BK | ||
| 945 | |d 20070907 00:00:00 |a jtorresc | ||
| 260 | |a Santiago |b Jurídica de Chile |c 2006 | ||
| 650 | 0 | |a Contratos |9 255153 | |
| 650 | 7 | |a TRANSACCIONES |2 CL-VaPUC |9 375998 | |
| 650 | 0 | |a Derecho comparado |9 255664 | |
| 650 | 0 | |a Convenio judicial |9 387968 | |
| 650 | 0 | |a Deudor |9 385167 | |
| 650 | 7 | |a CREDITOS |2 CL-VaPUC |9 523912 | |
| 650 | 0 | |a Sentencias |9 256250 | |
| 650 | 7 | |a CONVENIOS EXTRAJUDICIALES |2 CL-VaPUC |9 387970 | |
| 650 | 0 | |a Bienes |9 255749 | |
| 583 | |a last modification |c 20070907 00:00:00 |k Rodrigo Vera | ||
| 999 | |c 327203 |d 327201 | ||
| 952 | |0 0 |1 0 |4 0 |6 346_830780000000000_PUG_2006 |7 0 |8 A |9 409719 |a BIBDER |b BIBDER |d 2019-11-22 |i 4370597 |l 2 |o 346.83078 PUG 2006 |p 4370597 |q 2025-05-14 |r 2025-05-07 |s 2025-05-07 |w 2019-11-22 |y BK |k DER | ||
| 952 | |0 0 |1 0 |4 0 |6 346_830780000000000_PUG_2006 |7 0 |8 A |9 409720 |a BIBDER |b BIBDER |d 2019-11-22 |i 4370600 |o 346.83078 PUG 2006 |p 4370600 |r 2023-01-25 |w 2019-11-22 |y BK |k DER | ||
| 952 | |0 0 |1 0 |4 0 |6 346_830780000000000_PUG_2006 |7 0 |8 A |9 409721 |a BIBDER |b BIBDER |d 2019-11-22 |i 4509048 |l 2 |o 346.83078 PUG 2006 |p 4509048 |r 2024-03-27 |s 2024-03-18 |w 2019-11-22 |y BK |k DER | ||